Statistiques concernant Culture Générale - Série 1234

Cliquez ici pour prendre le quiz!

Statistiques générales

  • Ce quiz a été pris 38 fois
  • Le résultat moyen est 6 sur 10

Statistiques - réponses

Question Réponse % Correct
Quel pays Natasha St-Pier représentait-elle lors du concours de l'Eurovision 2001 ?France
89%
Qu'est-ce qui peut être "de sol" au camping, "de souris" au bureau ou "volant" dans les contes ?tapis
89%
À quel petit chien frisé compare-t-on quelqu'un qui suit une personne pas à pas ?caniche
89%
Dans quelle ville Charles VII fut-il sacré roi de France, en 1429 ?Reims
89%
D'après une chanson de 1989, quel prénom portait la jeune femme qui laissait le beau Roch Voisine “seul sur le sable les yeux dans l'eau” ?Hélène
63%
Quel grand lac d'Afrique est partagé entre l'Ouganda, le Kenya et la Tanzanie ?lac Victoria
61%
À quoi Jean-Paul Sartre associe-t-il “L'Être” dans le titre de son essai philosophique sur l'existentialisme de 1943 ?au néant
47%
En 1990, dans la comédie musicale “La Légende de Jimmy”, de quel artiste disparu, Diane Tell est-elle une inconsolable groupie ?James Dean
37%
Quelle famille règne sur l'Écosse dès 1371, et sur l'Angleterre de 1603 à 1714 ?Stuart
34%
Quel homme prend la tête du coup d'État militaire de 1974, au Portugal ?Spinola
0%

Distribution des résultats

Percentile par nombre de réponses

% des personnes avec chaque résultat

Votre développement - résultats

Vous n’avez pas pris ce quiz